Slovenský raj podrobná turistická a cykloturistická mapa 1:50 000

Bibliographic Details
Corporate Author: BB-MAPY (Banská Bystrica, Slovensko) (Author)
Format: Map
Language:Slovak
PhysicalDescription:1 atlas (14 s.) 14 fareb. máp 22 cm
Published: Banská Bystrica BB-MAPY 2016
ISBN:(brož.)
Edition:1. vyd.
Series:Miniatlas Slovenska
Subjects:

MARC

LEADER 00000cem a2200000 a 4500
001 vtls011576096
003 SK-MaSNL
005 20260301135654.0
007 ad canzn
008 160831s2016 xo ag e 0 slo
015 |a SNBC2017 
020 |a (brož.) 
034 1 |a a  |b 50000 
040 |a SNK  |b slo  |c SNK  |e AACR2 
041 0 |a slo 
043 |a e-xo--- 
044 |a xo  |c SK 
072 7 |a 913(437)  |x Geografia Česka a Slovenska, reálie, cestovanie  |2 konspekt 
072 7 |a 912  |x Mapy. Atlasy  |2 konspekt 
080 |a 913(437.6-191.2)  |2 2001 
080 |a (084.3)796.5  |2 2011 
080 |a (084.41)  |2 2011 
080 |a (234.372.4)  |2 2011 
080 |a 796.51  |2 2001 
080 |a 796.61  |2 2011 
080 |a (084.3)796.61  |2 2011 
110 2 |a BB-MAPY (Banská Bystrica, Slovensko)  |4 aut  |9 335384 
245 1 0 |a Slovenský raj  |h kartografický dokument  |b podrobná turistická a cykloturistická mapa 1:50 000  |c BB-MAPY 
250 |a 1. vyd. 
255 |a Mierka 1:50 000 
260 |a Banská Bystrica  |b BB-MAPY  |c 2016 
300 |a 1 atlas (14 s.)  |b 14 fareb. máp  |c 22 cm 
490 1 |a Miniatlas Slovenska  |v 10. časť 
500 |a Príloha denníka Pravda 
500 |a Vysvetlivky ; klad listov 
650 0 7 |a pešia turistika  |2 SNKPH  |9 1059 
650 0 7 |a cykloturistika  |2 SNKPH  |9 3264 
651 7 |a Slovenský raj (Slovensko : pohorie)  |2 SNKPH  |9 65478 
655 7 |a turistické mapy  |2 SNKPH  |9 70551 
655 7 |a cykloturistické mapy  |2 SNKPH  |9 70791 
655 7 |a geografické atlasy  |2 SNKPH  |9 73239 
772 0 |t Pravda  |x 1335-4051 
830 0 |a Miniatlas Slovenska  |9 423376 
852 |a Štátna vedecká knižnica v Banskej Bystrici 
999 |c 761020  |d 762950 
952 |a SNK  |b SNK  |y PREZ  |7 0  |p 17A1273039  |o snkSLCm 3311  |i snk2017/22013  |8 0  |0 0  |1 0  |4 0  |d 2017-10-10  |l 0  |r 2026-02-24 00:03:57  |w 2026-02-24 
952 |a SNK  |b SNK  |y PREZ  |7 0  |p 17A1273040  |o snkSLCm 3311 D1  |i snk2017/22014  |8 0  |0 0  |1 0  |4 0  |d 2017-10-10  |l 0  |r 2026-02-24 00:03:57  |w 2026-02-24